El tribunal de la inquisición en México, siglo XVI /

Este libro pretende explicar la Inquisición de México, fundamentándose en documentación de archivo, que permite contextualizarla a nivel social, jurídico, económico y político. Para ello desarrolla cuatro temas: antecedentes españoles, aspectos procesales, actividades inquisitoriales previas al esta...

Descrición completa

Gardado en:
Detalles Bibliográficos
Autor Principal: Mariel de Ibáñez, Yolanda (autor)
Formato: Libro
Idioma:Lingua castelá
Publicado: México : Porrúa, 1984
Edición:3a edición
Temas:
Etiquetas: Engadir etiqueta
Sen Etiquetas, Sexa o primeiro en etiquetar este rexistro!

MARC

LEADER 00000nam^a2200000^a^4500
001 000022210
005 20250521000000.0
009 20260310084446.032
020 |a 968-432-943-1 
037 |a Acervo ITESO - Biblioteca 
041 |a ESP 
082 |a 272. 2  |b MAR 
100 |a Mariel de Ibáñez, Yolanda  |e (autor) 
245 1 3 |a El tribunal de la inquisición en México, siglo XVI /  |c Y. Mariel de Ibáñez. 
250 |a 3a edición 
264 1 |a México :  |b Porrúa,  |c 1984 
300 |a 196 p. 
336 |a texto  |b txt  |2 rdacontenido 
337 |a sin mediación  |b n  |2 rdamedio 
338 |a volumen  |b nc  |2 rdasoporte 
520 |a Este libro pretende explicar la Inquisición de México, fundamentándose en documentación de archivo, que permite contextualizarla a nivel social, jurídico, económico y político. Para ello desarrolla cuatro temas: antecedentes españoles, aspectos procesales, actividades inquisitoriales previas al establecimiento del tribunal; el Tribunal del Santo Oficio en México. 
649 |a XX 
650 |a Religión -  |z México 
650 |a Inquisición -  |z México -  |x Historia -  |y Epoca Colonial, 1517-1821 
910 |a Fondo General 
920 |a Impresos - Libros 
930 |a Colección General 
905 |a 101 
901 |a 0222100100  |b IT1  |c ACC  |u 20250521 
902 |a https://opac.biblio.iteso.mx/vufind/Record/000022210